| 000 | 00393pab a2200157 454500 | ||
|---|---|---|---|
| 008 | 180718b1997 xxu||||| |||| 00| 0 eng d | ||
| 100 | _aNayak, P. | ||
| 245 | _aSocio-economic dynamics in South Assam | ||
| 260 | _c1997 | ||
| 300 | _ap.29-30 | ||
| 362 | _aMar | ||
| 650 | _aInternational economic systems | ||
| 650 | _aEconomic and social development | ||
| 773 | _aYojana | ||
| 909 | _a33780 | ||
| 999 |
_c33780 _d33780 |
||